<?xml version="1.0" encoding="UTF-8"?>
<collection xmlns="http://www.loc.gov/MARC21/slim">
 <record>
  <leader>01351pamaa2200277   4500</leader>
  <controlfield tag="001">0000046135</controlfield>
  <controlfield tag="005">20121206090000.0</controlfield>
  <controlfield tag="008">091007                             eng  </controlfield>
  <datafield tag="020" ind1="0" ind2="0">
   <subfield code="a">9780387360263 / 0387360263 (pbk.) </subfield>
  </datafield>
  <datafield tag="090" ind1="0" ind2="0">
   <subfield code="a">QA28 </subfield>
   <subfield code="b">GIN 2007</subfield>
  </datafield>
  <datafield tag="100" ind1="1" ind2="0">
   <subfield code="a">Gindikin </subfield>
  </datafield>
  <datafield tag="240" ind1="0" ind2="1">
   <subfield code="a">Rasskazy o fizikakh i matematikakh</subfield>
  </datafield>
  <datafield tag="245" ind1="1" ind2="0">
   <subfield code="a">Tales of mathematicians and physicists  </subfield>
   <subfield code="c">Simon Gindikin; </subfield>
   <subfield code="f">translated from the Russian by Alan Shuchat.</subfield>
  </datafield>
  <datafield tag="250" ind1="0" ind2="0">
   <subfield code="a">2nd.</subfield>
  </datafield>
  <datafield tag="260" ind1="0" ind2="0">
   <subfield code="a">New York: </subfield>
   <subfield code="b">Springer, </subfield>
   <subfield code="c">2007.</subfield>
  </datafield>
  <datafield tag="300" ind1=" " ind2=" ">
   <subfield code="a">xx, 382 p.: </subfield>
   <subfield code="b">ill.; </subfield>
   <subfield code="c">24 cm.</subfield>
  </datafield>
  <datafield tag="501" ind1="0" ind2="0">
   <subfield code="a">FAS</subfield>
  </datafield>
  <datafield tag="504" ind1="0" ind2="0">
   <subfield code="a">Includes bibliographical references</subfield>
  </datafield>
  <datafield tag="505" ind1="0" ind2="0">
   <subfield code="a">Ars magna (the great art) -- Two tales of Galileo -- Christiaan Huygens and pendulum clocks -- Secrets of the cycloid -- Blaise Pascal -- The beginnings of higher geometry -- Leonhard Euler -- Joseph Louis Lagrange -- Pierre-Simon Laplace -- Prince of mathematicians -- Felix Klein -- The magic world of Henri Poincar ̌-- The enigma of Ramanujan -- On the advantages of coordinates and the art of chaining hyperboloids -- The complex world of Roger Penrose</subfield>
  </datafield>
  <datafield tag="650" ind1="0" ind2="0">
   <subfield code="a">Science -- </subfield>
   <subfield code="x">History </subfield>
  </datafield>
  <datafield tag="650" ind1="0" ind2="0">
   <subfield code="a">Physics -- </subfield>
   <subfield code="x">History </subfield>
  </datafield>
  <datafield tag="650" ind1="0" ind2="0">
   <subfield code="a">Physicists -- </subfield>
   <subfield code="x">Biography </subfield>
  </datafield>
  <datafield tag="650" ind1="0" ind2="0">
   <subfield code="a">Mathematicians -- </subfield>
   <subfield code="x">Biography </subfield>
  </datafield>
  <datafield tag="650" ind1="0" ind2="0">
   <subfield code="a">Mathematics -- </subfield>
   <subfield code="x">History </subfield>
  </datafield>
  <datafield tag="700" ind1="1" ind2="1">
   <subfield code="a">Shuchat, </subfield>
   <subfield code="h">Alan </subfield>
  </datafield>
  <datafield tag="901" ind1=" " ind2=" ">
   <subfield code="u">http://www.Springer.com</subfield>
  </datafield>
 </record>
</collection>
